Quel est ce Pokémon ? Quiz par Images - Statistiques

Statistiques générales
  • Ce quiz a été pris 88 272 fois
  • Le résultat moyen est 14 sur 16
Statistiques - réponses
Par images Réponse % Correct
Pikachu
100%
Évoli
98%
Bulbizarre
96%
Carapuce
95%
Dracaufeu
95%
Mew
95%
Miaouss
94%
Ronflex
93%
Magicarpe
91%
Smogo
88%
Racaillou
86%
Taupiqueur
86%
Psykokwak
84%
Goupix
83%
Caninos
81%
Gobou
67%
Aucun quiz correspondant
Distribution des résultats
% des personnes avec chaque résultat
Percentile par nombre de réponses
Votre historique - résultats
Vous n’avez pas pris ce quiz